Statistics for Top 5 Most Famous by First Name: C (#2)

Click here to take the quiz!

General Stats

  • This quiz has been taken 12 times
  • The average score is 12 of 47

Answer Stats

First NameLast NameHintLifespan% Correct
ChristopherColumbusExplorer / Navigator1451-1506
100%
CaitlynJennerTV Personality / Decathlete1949-
91%
Catherinethe GreatEmpress1729-1796
82%
Catherineof AragonQueen1485-1536
64%
ChristopherPlummerActor1929-2021
64%
ColeSprouseActor1992-
55%
CerysMatthewsSinger / Songwriter / Author / Broadcaster1969-
45%
ChristopherReeveActor / Director / Activist1952-2004
45%
CaitlynSmithSinger-Songwriter / Musician1987-
45%
ClaraBowActress1905-1965
36%
CatherineHowardQueen1523-1542
36%
ChristopherLeeActor / Singer / Author1922-2015
36%
ColePorterComposer / Songwriter1891-1964
36%
ClaraSchumannPianist / Composer / Piano Teacher1819-1896
36%
CalumScottSinger / Songwriter1988-
36%
CodyRhodesWrestler / Promoter / Businessman / Actor1985-
27%
CodySimpsonSinger / Songwriter / Dancer / Actor / Model / Swimmer1997-
27%
CatherineZeta-JonesActress1969-
27%
ClaraBartonNurse / Founder of American Red Cross1821-1912
18%
CalumChambersFootballer1995-
18%
ChristopherDornerMurderer1979-2013
18%
ColeHamelsBaseball Pitcher1983-
18%
ColeHauserActor1975-
18%
CalumHoodSinger-Songwriter / Musician1996-
18%
CaiQiChinese Communist Party Secretary of Beijing1955-
18%
ClaraTausonTennis Player2002-
18%
CaiXukunSinger-Songwriter / Dancer / Actor / Rapper1998-
18%
ClaraZetkinMarxist Theorist / Communist Activist / Women's Rights Advocate1857-1933
18%
CaitlynBairstowVoice Actress????-
9%
CarysBannisterFirst Female British Neurosurgeon1935-2010
9%
ColeBennettBusiness Executive / Videographer / Music Video Director1996-
9%
CarysBrayWriter????-
9%
CalumButcherFootballer1991-
9%
CarysCraggSocial Worker / Writer????-
9%
Catherinede' MediciQueen Consort1519-1589
9%
CodyGarbrandtMixed Martial Artist1991-
9%
CerysHaleRugby Player1993-
9%
CarysHawkinsFootballer1988-
9%
CodyHodgsonIce Hockey Player1990-
9%
CaiJinPainter1965-
9%
CaiLunInventor / Eunuch Court Official(50-62)-121
9%
CaitlynShadboltSinger / Songwriter1995-
9%
CarysStaynerSerial Killer1961-
9%
CodyWareAuto & Motorcycle Racing Driver1995-
9%
CalumWorthyActor / Writer / Producer1991-
9%
CaiXuetongSnowboarder1993-
9%
CaitlynChaseBlogger / Writer / Businessman1987-
0%

Score Distribution

Percentile by Number Answered

Percent of People with Each Score

Your Score History

You have not taken this quiz